000 00809nam a22002177a 4500
005 20240530110339.0
008 141028s2012 ua gr| 000 0dara d
040 _aEG-CaGPL
082 0 4 _221
_a153.733\
_bس م
100 0 _aسليمان عبدالواحد يوسف ابراهيم
245 1 _aالمخ واضطرابات الانتباه :
_bرؤية فى اطار علم النفس العصبى المعرفى
246 _aBrain & ADHD
260 _aالاسكندرية :
_bدار الجامعة الجديدة ،
_c2012
300 _a234 ص ؛
_c24 سم
650 0 4 _aالانتباه
_xعلم النفس
650 0 4 _aالارهاق الزهنى
650 0 4 _aالتركيز
650 0 4 _aالانتباه
_xاضطرابات
942 _2ddc
_cBK
999 _c59849
_d59849